Vymeriavacie základy z hľadiska minima a maxima
Vymeriavacie základy jednotlivých subjektov vymedzujú právne normy upravujúce platenie poistného na nemocenské poistenie, dôchodkové zabezpečenie, zdravotné poistenie a príspevok na poistenie v nezamestnanosti. Minimum a maximum vymeriavacích základov na účely platenia.
Salvato in:
| Autore principale: | |
|---|---|
| Natura: | Capitolo di libro |
| Lingua: | slovacco |
| Soggetti: | |
| Tags: |
Nessun Tag, puoi essere il primo ad aggiungerne!!
|
MARC
| LEADER | 00000naa a2200000 4500 | ||
|---|---|---|---|
| 001 | r040980 | ||
| 005 | 20231002080845.3 | ||
| 041 | 0 | |a slo | |
| 044 | |a SK | ||
| 245 | 1 | 0 | |a Vymeriavacie základy z hľadiska minima a maxima |c Ján Matlák |
| 520 | |a Vymeriavacie základy jednotlivých subjektov vymedzujú právne normy upravujúce platenie poistného na nemocenské poistenie, dôchodkové zabezpečenie, zdravotné poistenie a príspevok na poistenie v nezamestnanosti. Minimum a maximum vymeriavacích základov na účely platenia. | ||
| 610 | 2 | 0 | |a základ vymeriavací |
| 610 | 2 | 0 | |a poistenie dôchodkové |
| 610 | 2 | 0 | |a poistenie nemocenské |
| 610 | 2 | 0 | |a poistenie zdravotné |
| 610 | 2 | 0 | |a poistenie v nezamestnanosti |
| 610 | 2 | 0 | |a normy právne |
| 610 | 2 | 0 | |a zákony |
| 610 | 2 | 0 | |a Slovensko |
| 100 | 1 | |a Matlák, Ján | |